000 01709nam a22002177a 4500
005 20260330170330.0
008 260330b |||||||| |||| 00| 0 eng d
020 _a9788197258343 (hbk)
082 _a346.0435 GOY
100 _aBhattacharyya, Purnendu
245 _aGoyle's law of easements & licences /
_cPurnendu Bhattacharyya
250 _a5th ed.
260 _aKolkata ;
_bEastern Law House,
_c2024.
300 _a469 p. ;
_c22 cm.
365 _bRs. 1450.00
505 _aPart 1 – Easements: Chapter 1. Introduction: Chapter 2. Of Easements Generally - Chapter 3. Imposition, Acquisition and Transfer of easement – Chapter 4. Incidents of Easements - Chapter 5. Disturbance of Easements - Chapter 6. Extinction, Suspension and Revival of Easements - Part 2 – Licences: Chapter 7. Licences - General Survey – Chapter 8. Grant of Licences – Chapter 9. Revocation of licences – Appendices: Appendix – 1 The Indian Easements Act, 1882 - 2 The Specific Relief Act, 1963 - 3 The Code of Civil Procedure, 1908 - 4 The Limitation Act, 1963 - 5 The Code of Criminal Procedure, 1973 - 6 The Transfer of Property Act, 1882 - Index.
520 _aThe outstanding work provides all the ingredients of easement such as kinds of easements, characteristic of easement, quasi-easement and customary right, profit a prendre, imposition and acquisition, general survey of licences, grant and revocation of licences, right to pollution-free water, right to light & air, right to privacy, right to pathway, common well, party wall, acquisition, as well as types of licences, grant and revocation of licences.
650 _aLicences
650 _aEasements
942 _2ddc
_cBK
999 _c217906
_d217906